MATHEMATICS ECONOMICS AND BUSINESS (Record no. 9416)

MARC details
000 -LEADER
fixed length control field 00454nam a22001697a 4500
003 - CONTROL NUMBER IDENTIFIER
control field SGT
020 ## - INTERNATIONAL STANDARD BOOK NUMBER
International Standard Book Number 9788174464507
082 ## - DEWEY DECIMAL CLASSIFICATION NUMBER
Classification number 513.024339,BHA
100 ## - MAIN ENTRY--PERSONAL NAME
Personal name BHARDWAJ,R.S
245 ## - TITLE STATEMENT
Title MATHEMATICS ECONOMICS AND BUSINESS
250 ## - EDITION STATEMENT
Edition statement 2ND
260 ## - PUBLICATION, DISTRIBUTION, ETC. (IMPRINT)
Place of publication, distribution, etc NEW DELHI
Name of publisher, distributor, etc EXCEL BOOKS
Year of Publication 2013
300 ## - PAGE DESCRIPTION
No. of Pages V. P.
650 ## - SUBJECT ADDED ENTRY--TOPICAL TERM
Topical term or geographic name as entry element MATHEMATICS (ALGEBRA)
653 ## - KEYWORDS--INDEX TERM
Keyword term ANALYTICAL GEOMETRY, MATRIX ALGEBRA, SETS FUNCTIONS SEQUENCE AND SERIES
942 ## - ADDED ENTRY ELEMENTS (KOHA)
Source of classification or shelving scheme Dewey Decimal Classification
Koha item type FCM Books
Holdings
Withdrawn status Lost status Source of classification or shelving scheme Damaged status Not for loan Collection code Home library Current library Shelving location Date acquired Vendor Name Cost, normal purchase price SGTU Bill Number Total Checkouts Full call number Accession No. (Barcode) Date last seen Bill Date Koha item type Date last borrowed
    Dewey Decimal Classification     COMMERCE MANAGEMENT SGT Science & Social Sciences Library SGT Science & Social Sciences Library Text Book 01/07/2016 IBH 300.00 SGTU 8777   513.024339,BHA CM6 01/07/2016 22/08/2013 FCM Books  
    Dewey Decimal Classification     COMMERCE MANAGEMENT SGT Science & Social Sciences Library SGT Science & Social Sciences Library Text Book 01/07/2016 IBH 300.00 SGTU 8777 9 513.024339,BHA CM7 07/04/2021 22/08/2013 FCM Books 07/04/2021